00759pam a2200229 a 4500001000500000005001700005008004100022020001700063040002300080050002200103082001400125100002300139245006300162260003500225300002300260505000800283520014600291521002000437521002000457650003200477650002000509104920230815161641.0910212s1992 nyu j 000 1 eng  a0590433008 : aDLCcDLCdDLCbeng00aPZ7.G845bKo 199200a[Fic]2201 aGreenfield, Eloise10aKoya DeLaney and the good girl blues /cEloise Greenfield. aNew York :bScholastic,c1992. a124 pages :c20 cm aR  aKoya Delaney, an eleven-year-old African-American girl, has trouble expressing anger, until her cousin, a popular male singer, comes to town. a740 bLexile  aR bRaz-Plus  1aAfrican AmericansvFiction. 1aAngervFiction.